Οι ημικρατικοί οργανισμοί της Κύπρου : [εργασία]

Αποθηκεύτηκε σε:
Λεπτομέρειες βιβλιογραφικής εγγραφής
Κύριος συγγραφέας: Γεωργίου, Αυγουστίνα
Συγγραφή απο Οργανισμό/Αρχή: Πανεπιστήμιο Αιγαίου. Σχολή Επιστημών της Διοίκησης. Τμήμα Διοίκησης Επιχειρήσεων
Άλλοι συγγραφείς: Χριστοδούλου, Αργυρώ
Μορφή: Thesis Βιβλίο
Γλώσσα:Greek
Δημοσίευση: 2001
Θέματα:
Ετικέτες: Προσθήκη ετικέτας
Δεν υπάρχουν, Καταχωρήστε ετικέτα πρώτοι!

MARC

LEADER 00000cam a2200000 i 4500
001 1/50703
008 040311s2001 gre d
035 |l 10072627 
040 |a GR-MY-UA  |b gre  |e aacr 
041 0 |a gre 
082 0 |a 330.93937  |2 (22) 
100 1 |a Γεωργίου, Αυγουστίνα. 
245 1 3 |a Οι ημικρατικοί οργανισμοί της Κύπρου :  |b [εργασία] /  |c Γεωργίου Αυγουστίνα, Χριστοδούλου Αργυρώ ; διδάσκων: Μπαμπανάσης Στέργιος 
260 |c 2001 
300 |a 52 σ.;  |b διαγρ., πίν.;  |c 30 εκ. 
500 |a Μάθημα: Πολιτική Οικονομία 
502 |a Εργασία - Πανεπιστήμιο Αιγαίου, Τμήμα Διοίκησης Επιχειρήσεων, 2001 
504 |a Περιλαμβάνει βιβλιογραφία 
610 2 0 |a Πανεπιστήμιο Αιγαίου. 
650 0 0 |a Economics  |z Cyprus. 
650 0 0 |a Telecommunication  |z Cyprus. 
650 0 0 |a Electric power production  |z Cyprus. 
650 0 0 |a Tourism  |z Cyprus. 
700 1 |a Χριστοδούλου, Αργυρώ. 
700 1 |a Μπαμπανάσης, Στέργιος,   |d 1935-  |e dgs 
710 2 |a Πανεπιστήμιο Αιγαίου.   |b Σχολή Επιστημών της Διοίκησης.   |b Τμήμα Διοίκησης Επιχειρήσεων. 
852 |a INST  |b CHIOS  |c PERG  |e 20040311  |h 330.93937 ΓΕΩ  |p 005200013675  |q 005200013675  |t PERG  |y 23 
901 |a BIBL2-2004-1 
909 |a Χ  |b 100285 
924 |a ΓΕΩΡΓΙΟΥ  |b ΑΥΓΟΥΣΤΙΝΑ  |y ΧΙΟΣ  |z 2002-11 
924 |a Χριστοδούλου  |b Αργυρώ  |y Χίος  |z 2002-11 
970 |a ΠΟΥΛΑΚΗ  |b ΠΑΝΩΡΑΙΑ  |z 2004/03/11